Multiple Choice City Quiz - Sarajevo - Statistics

General Stats
  • This quiz has been taken 49 times
  • The average score is 6 of 10
Answer Stats
Question Answer % Correct
When did Sarajevo host the Winter Olympics? 1984
91%
What is the name of the old Ottoman center of Sarajevo where you can find its bazar? Baščaršija
77%
What is the name of the famous fountain located in the historical centre of Sarajevo? Sebilj
70%
How many days did the siege of Sarajevo last? 1 425
61%
What is the altitude of Sarajevo? 550 meters
61%
If you go to the Žuta tabija, it means that you are heading to : A fortress
61%
What is the name of the river that crosses Sarajevo? Miljacka
57%
Which of these celebrities died in Sarajevo? Alija Izetbegović
55%
Which of these mountains was a site of the Winter Olympics events? Bjelašnica
52%
When was the tramway installed in Sarajevo? 1885
27%
No matching quizzes found
Score Distribution
Percent of People with Each Score
Percentile by Number Answered
Your Score History
You have not taken this quiz